| 000 | 01174cam a22003493a 4500 | ||
|---|---|---|---|
| 999 |
_c3896 _d3896 |
||
| 001 | 15366114 | ||
| 003 | OSt | ||
| 005 | 20241118152904.0 | ||
| 008 | 070405s2007 nyua c 000 1 eng d | ||
| 010 | _a 2006934562 | ||
| 020 | _a9781416934028 (pbk.) | ||
| 035 | _a(OCoLC)ocn122376418 | ||
| 040 |
_aBKX _cBKX _dBAKER _dBTCTA _dOCLCQ _dDLC _dKH8 |
||
| 042 | _alccopycat | ||
| 050 | 0 | 0 | _aCPB Box no. 2756 vol. 19 |
| 082 | _aFIC DIX | ||
| 100 | 1 |
_aDixon, Franklin W. _eauthor. |
|
| 245 | 1 | 0 |
_aDeath and diamonds / _cFranklin W. Dixon. |
| 250 | _a1st Aladdin Paperbacks ed. | ||
| 260 |
_aNew York : _bAladdin Paperbacks, _c2007. |
||
| 300 |
_a170 p. : _bill. ; _c20 cm. |
||
| 490 | 0 |
_aHardy boys undercover brothers ; _v#15 |
|
| 520 | _aFrank and Joe try to prevent the theft of a valuable collection of diamonds from a show. | ||
| 650 | 0 |
_aTheft _vJuvenile fiction. |
|
| 650 | 0 |
_aHardy Boys (Fictitious characters) _vFiction. |
|
| 650 | 0 |
_aDiamonds _vFiction. |
|
| 650 | 0 |
_aStealing _vFiction. |
|
| 655 | 7 |
_aMystery fiction. _2gsafd |
|
| 655 | 7 |
_aYoung adult fiction. _2lcsh |
|
| 710 | 2 |
_aCopyright Paperback Collection (Library of Congress) _5DLC |
|
| 942 |
_2ddc _cFIC |
||